El dinero de la Iglesia : (Record n. 12368)

Dettagli MARC
000 -LEADER
fixed length control field 00892nam a2200253 i 4500
003 - CONTROL NUMBER IDENTIFIER
control field IT-RoINE
005 - DATE AND TIME OF LATEST TRANSACTION
control field 20180917084432.0
008 - FIXED-LENGTH DATA ELEMENTS--GENERAL INFORMATION
fixed length control field 810317s1980 sp 001 spa
020 ## - INTERNATIONAL STANDARD BOOK NUMBER
International Standard Book Number 8472990796
040 ## - CATALOGING SOURCE
Original cataloging agency IBH
Transcribing agency SpMaBN
Modifying agency IT-RoINE
100 1# - MAIN ENTRY--PERSONAL NAME
Personal name Piñero Carrión, José María
9 (RLIN) 25220
245 13 - TITLE STATEMENT
Title El dinero de la Iglesia :
Remainder of title en qué se gasta, quién lo da, cómo se administra /
Statement of responsibility, etc José Mª Piñero Carrión.
260 ## - PUBLICATION, DISTRIBUTION, ETC. (IMPRINT)
Place of publication, distribution, etc Salamanca :
Name of publisher, distributor, etc Universidad Pontificia,
Date of publication, distribution, etc 1980.
300 ## - PHYSICAL DESCRIPTION
Extent 154 p. ;
Dimensions 24 cm.
336 ## - CONTENT TYPE
Source rdacontent
Content type term text
337 ## - MEDIA TYPE
Source rdamedia
Media type term unmediated
338 ## - CARRIER TYPE
Source rdacarrier
Carrier type term volume
490 1# - SERIES STATEMENT
Series statement Bibliotheca Salmanticensis.
-- Estudios ;
Volume number/sequential designation 37
500 ## - GENERAL NOTE
General note Incluye índices.
610 24 - SUBJECT ADDED ENTRY--CORPORATE NAME
Corporate name or jurisdiction name as entry element Iglesia Católica
General subdivision Finanzas
9 (RLIN) 25221
610 24 - SUBJECT ADDED ENTRY--CORPORATE NAME
9 (RLIN) 19109
Corporate name or jurisdiction name as entry element Iglesia Católica
General subdivision Finanzas
Geographic subdivision España
830 #0 - SERIES ADDED ENTRY--UNIFORM TITLE
9 (RLIN) 3087
Uniform title Bibliotheca Salmanticensis.
Name of part/section of a work Estudios ;
Volume number/sequential designation 37
942 ## - ADDED ENTRY ELEMENTS (KOHA)
Item type Monografías
Dati di copia
Withdrawn status Lost status Damaged status Not for loan Home library Current library Date acquired Total Checkouts Full call number Barcode Date last seen Price effective from Koha item type
        Iglesia Nacional Española en Roma Iglesia Nacional Española en Roma 07/07/2016   COL.A 40.37 27487 07/07/2016 07/07/2016 Monografías